000 00696nac a22002051u 4500
020 _a1420044109
082 _a620.43
_bMAS
090 _c7909
_d7909
100 _aMasuda, Hiroaki. [ed.]
245 _aPowder Technology: Fundamentals Of Particles, Poweder Beds, and Particle Generation /
_cEdited By Hiroaki Masuda, Ko Higashitani, Hideto Yoshida.
260 _a[New York]:
_bCRC Press,c.2006.
_cc.2006.
300 _a513p:
_bill;
_c25cm.
500 _aDistributer: Al-Ahram.
504 _aIncludes Index.
511 _aCatalogued By: Mahitab.
650 _aPowder.
700 _aHigashitani, Ko.
700 _aYoshida, Hideto.
942 _cBB
_k620.43MAS
999 _c7909
_d7909